Transformácia ekonomiky: Skúsenosti Slovenska
Salvato in:
| Autore principale: | |
|---|---|
| Natura: | Libro |
| Lingua: | slovacco |
| Pubblicazione: |
Bratislava
Ústav slovenskej a svetovej ekonomiky SAV
2005
|
| Soggetti: | |
| Tags: |
Nessun Tag, puoi essere il primo ad aggiungerne!!
|
MARC
| LEADER | 00000nam$a2200000$$$4500 | ||
|---|---|---|---|
| 001 | 0027105 | ||
| 005 | 20240502071427.5 | ||
| 020 | |a 80-7144-143-0 | ||
| 041 | 0 | |a slo | |
| 044 | |a SK | ||
| 245 | 1 | 0 | |a Transformácia ekonomiky: Skúsenosti Slovenska |c Karol Morvay a kolektív |
| 264 | 1 | |a Bratislava |b Ústav slovenskej a svetovej ekonomiky SAV |c 2005 | |
| 300 | |a 328 s. | ||
| 610 | 2 | 0 | |a transformácia |
| 610 | 2 | 0 | |a politika hospodárska |
| 610 | 2 | 0 | |a krajiny tranzitívne |
| 610 | 2 | 0 | |a modely |
| 610 | 2 | 0 | |a modelovanie ekonometrické |
| 610 | 2 | 0 | |a podnik |
| 610 | 2 | 0 | |a prostredie podnikateľské |
| 610 | 2 | 0 | |a regióny |
| 610 | 2 | 0 | |a politika regionálna |
| 610 | 2 | 0 | |a Slovensko |
| 100 | 1 | |a Morvay, Karol, 1973- | |